000 01057cam a22003134a 4500
999 _c4753
_d4753
001 17083963
003 GBCCL
005 20241126110525.0
008 111214s2012 oru b 000 0 eng
010 _a 2011050764
020 _a9780736949248 (pbk.)
040 _aDLC
_cDLC
_dDLC
042 _apcc
050 0 0 _aBT103
_b.M325 2012
082 0 0 _a239
_223
_bMCD
100 1 _aMcDowell, Josh.
_91225
245 1 0 _a77 FAQs about God and the Bible /
_cJosh McDowell, Sean McDowell.
246 3 1 _aSeventy seven FAQs about God and the Bible
260 _aEugene, Or. :
_bHarvest House Publishers,
_cc2012.
300 _a230 p. ;
_c22 cm.
490 0 _aThe McDowell apologetics library
504 _aIncludes bibliographical references (p. 229-230).
630 0 0 _aBible
_vMiscellanea.
_91583
650 0 _aGod (Christianity)
_vMiscellanea.
_98674
700 1 _aMcDowell, Sean.
_98675
906 _a7
_bcbc
_corignew
_d1
_eecip
_f20
_gy-gencatlg
942 _2ddc
_cBK
_041